000 00241nam a2200097Ia 4500
001 715867
005 20250826162933.0
008 250824s9999 xx 000 0 und d
245 0 _aUÇURTMA AVCISI
_cKHALED HOSSEINI
260 _bEVEREST YAYINLARI
999 _c715867
_d715867